Science Quiz

Random Science Quiz

Pelvis Quiz Stats

 Plays Quiz not verified by Sporcle

Challenge
Share
Tweet
Embed
Score 0/123 Timer 20:00
0 Plays Today
% Correct
ischial tuber
57.7%
obturator
50%
Obturator
50%
obturator
50%
sacrum
42.3%
coxal tuber
38.5%
peritoneum
38.5%
obturator foramen
34.6%
perineum
34.6%
broad ligament
34.6%
lesser
34.6%
broad ligament
34.6%
sacral tuber
30.8%
perineal region
30.8%
levator ani
30.8%
internal pudendal
30.8%
vaginal
30.8%
vesicular
30.8%
acetabular
26.9%
ischial spine
26.9%
sacrotuberous ligament
26.9%
pelvic canal
26.9%
ventral ligament of bladder
26.9%
coccygeus
26.9%
uterine
26.9%
External pudendal
26.9%
horse
26.9%
horse
26.9%
horse
26.9%
lateral
26.9%
external pudendal
26.9%
pubic symphysis and ischial symphysis
23.1%
iliopsoas
23.1%
caudal gluteal
23.1%
ventral perineal
23.1%
external iliac
23.1%
Caudal gluteal
23.1%
Sciatic
23.1%
sciatic
23.1%
Sciatic
23.1%
proper ligament of ovary
23.1%
% Correct
true
23.1%
corpus spongiosum
23.1%
glans
23.1%
glans
23.1%
ventral perineal
23.1%
ischial arch
19.2%
conjugata
19.2%
sacroiliac and sacrosciatic ligaments
19.2%
mesorectum
19.2%
pubovesical
19.2%
perineal body
19.2%
median sacral
19.2%
Dorsal and lateral
19.2%
Internal iliac
19.2%
Femoral
19.2%
Femoral
19.2%
round ligament
19.2%
bovine
19.2%
cremaster
19.2%
crus
19.2%
medial
19.2%
vertical diameter
15.4%
lateral ligaments
15.4%
rectogenital pouch
15.4%
vesicogenital pouch
15.4%
rectovesical pouch
15.4%
caudal vesical
15.4%
cranial gluteal
15.4%
pudendal
15.4%
caudal rectal
15.4%
bladder
15.4%
Vestibule
15.4%
cervix
15.4%
pampiniform plexus
15.4%
gubernaculum
15.4%
mesorchium
15.4%
prostate
15.4%
bulbourethral
15.4%
bulbourethral
15.4%
bulbospongiosus
15.4%
tunica albuginea
15.4%
% Correct
papillary duct
15.4%
ovarian (aorta) and uterine (vaginal from internal pudendal)
11.5%
cranial vesical (umbilical)
11.5%
external genitalia
11.5%
fimbriae
11.5%
mesosalpinx
11.5%
fornix
11.5%
carnivores
11.5%
ovarian bursa
11.5%
vaginal process
11.5%
mesoductus
11.5%
ampullary
11.5%
urethralis
11.5%
ischiocavernosus
11.5%
cutaneous trunci
11.5%
it is barbed
11.5%
preputial muscle
11.5%
Fibroelastic
11.5%
gland sinus
11.5%
teat sinus
11.5%
milk well
11.5%
ventral iliac spines
7.7%
descending colon
7.7%
proper ligament of ovary
7.7%
perineal (cat)
7.7%
intermediate (dog)
7.7%
inguinal (bull)
7.7%
S shape
7.7%
subcutaneous abdominal and milk vein
7.7%
thigh
7.7%
superficial caudal epigastric and external pudendal
3.8%
erectile tissue
3.8%
vaginal tunics
3.8%
deep artery
3.8%
Blood pressure and volume
3.8%
fossa glandis
3.8%
gland and teat
3.8%
caudal mammary
3.8%
external iliac artery
3.8%
medial iliac and sacral
3.8%
subiliac
3.8%

You're not logged in!

Compare scores with friends on all Sporcle quizzes.
Join for Free
OR
Log In

You Might Also Like...

Show Comments

Extras

Created Mar 21, 2012ReportFavoriteNominate

Top Quizzes Today


Score Distribution

Your Account Isn't Verified!

In order to create a playlist on Sporcle, you need to verify the email address you used during registration. Go to your Sporcle Settings to finish the process.

Report this User

Report this user for behavior that violates our Community Guidelines.

Details: